000 00896cam a22002771 4500
001 21092
003 BD-RjUL
005 20211209000640.0
008 140303s1952 nyua 000 0 eng d
035 _a(BD-RjUL)21156
035 _a(OCoLC)689951
040 _aDLC
_cOKentU
_dOCoLC
_dDLC
_beng
041 _aeng
082 0 0 _a808
_bDAR 1952
100 1 _aDavis, Earle,
_d1905-1991,
_965184
245 1 0 _aReadings for opinion :
_bfrom literary ideas and attitudes /
_cby Earle Davis [and] William C. Hummel.
260 _aNew York :
_bPrentice-Hall,
_c1952.
300 _a359 p. :
_billus. ;
_c26 cm.
490 0 _aPrentice-Hall English composition and introduction to literature series
650 0 _aStudents
_zUnited States.
_965185
651 0 _aUnited States
_xCivilization.
_965186
700 1 _aHummel, William
_965187
942 _2ddc
_cBK
999 _c21092
_d21092